[Event "IRL-ch 100th First Week"]
[Site "Dublin"]
[Date "2021.07.23"]
[Round "1"]
[White "Brophy, Karl"]
[Black "Kinsella, Euan"]
[Result "1-0"]
[WhiteElo "1133"]
[BlackElo "700"]
[PlyCount "69"]
[EventDate "2021.07.23"]
[EventType "swiss"]
[EventRounds "5"]
[EventCountry "IRL"]
[SourceTitle "EXT 2022"]
[Source "ChessBase"]
[SourceDate "2021.10.06"]
[SourceVersion "1"]
[SourceVersionDate "2021.10.06"]
[SourceQuality "1"]

1. e4 c5 2. Nf3 d6 3. g3 Nc6 4. Bg2 Nf6 5. d3 g6 6. c3 Bg7 7. Nbd2 0-0 8. 0-0 Bd7 9. Re1 Bg4 10. Nf1 b5 11. d4 c4 12. b3 Rb8 13. Ne3 Bd7 14. bxc4 Nxe4 15. Qd3 f5 16. cxb5 Na5 17. a4 Nb3 18. Qc4+ e6 19. Qxb3 a6 20. Bf1 Qa5 21. Qa3 d5 22. bxa6 Rfd8 23. Nc2 Nxc3 24. Bd2 Rdc8 25. Re3 Bf8 26. Rxc3 Bxa3 27. Rxc8+ Rxc8 28. Bxa5 Bb2 29. Rb1 Rxc2 30. a7 Bc6 31. Re1 Kf7 32. Ne5+ Kf6 33. Nxc6 Rxc6 34. a8Q Bxd4 35. Qxc6 1-0